[Event "Bratislava-ch"]
[Site "Bratislava"]
[Date "2003.04.13"]
[Round "9"]
[White "Stit, Peter"]
[Black "Sramek, Milan"]
[Result "0-1"]
[WhiteElo "1747"]
[BlackElo "1858"]
[PlyCount "72"]
[EventDate "2003.03.??"]
[EventType "swiss"]
[EventRounds "9"]
[EventCountry "SVK"]
[SourceTitle "EXT 2006"]
[Source "ChessBase"]
[SourceDate "2005.11.24"]
[SourceVersion "1"]
[SourceVersionDate "2005.11.24"]
[SourceQuality "1"]

1. c4 c6 2. Nc3 d5 3. e3 e5 4. cxd5 cxd5 5. Qa4+ Nc6 6. Nf3 f6 7. d3 Be6 8. d4 e4 9. Ng1 a6 10. Nge2 b5 11. Qb3 Na5 12. Qd1 Bf7 13. Bd2 Nc4 14. b3 Nb2 15. Qc2 Nd3+ 16. Kd1 Nxf2+ 17. Ke1 Nxh1 18. Nf4 g5 19. Nh3 Rc8 20. g3 Be6 21. Qd1 h5 22. Rc1 b4 23. Na4 Rxc1 24. Qxc1 Qc8 25. Qxc8+ Bxc8 26. Nb6 Bb7 27. Bg2 Nxg3 28. hxg3 Bd6 29. Kf2 h4 30. gxh4 Rxh4 31. Be1 a5 32. Ke2 Rh7 33. Nf2 Bc7 34. Na4 Bc8 35. Nc5 Kf7 36. Nh1 Rh2 0-1

[Event "Bratislava-ch"]
[Site "Bratislava"]
[Date "2003.04.03"]
[Round "3"]
[White "Durik, Juraj"]
[Black "Sramek, Milan"]
[Result "1-0"]
[WhiteElo "1739"]
[BlackElo "1858"]
[PlyCount "41"]
[EventDate "2003.03.??"]
[EventType "swiss"]
[EventRounds "9"]
[EventCountry "SVK"]
[SourceTitle "EXT 2006"]
[Source "ChessBase"]
[SourceDate "2005.11.24"]
[SourceVersion "1"]
[SourceVersionDate "2005.11.24"]
[SourceQuality "1"]

1. e4 c6 2. d4 d5 3. Nc3 dxe4 4. Nxe4 Bf5 5. Ng3 Bg6 6. Nh3 h6 7. Bc4 e6 8. 0-0 Nf6 9. Re1 Be7 10. Bb3 0-0 11. Nf4 Bh7 12. Rxe6 Bd6 13. Re1 Qc7 14. Nfh5 Nbd7 15. Nxf6+ Nxf6 16. Qf3 Rfe8 17. Bxh6 Bxg3 18. hxg3 Be4 19. Qf4 Qd7 20. Qg5 Bg6 21. Qxg6 1-0

[Event "SVK-chT2A 9899"]
[Site "Slovakia"]
[Date "1998.12.06"]
[Round "6"]
[White "Rachela, Robert"]
[Black "Sramek, Milan"]
[Result "1/2-1/2"]
[WhiteElo "1702"]
[BlackElo "1953"]
[PlyCount "49"]
[EventDate "1998.??.??"]
[EventType "team"]
[EventRounds "9"]
[EventCountry "SVK"]
[SourceTitle "EXT 2000"]
[Source "ChessBase"]
[SourceDate "1999.11.16"]
[SourceVersion "1"]
[SourceVersionDate "1999.11.16"]
[SourceQuality "1"]

1. e4 d5 2. exd5 Qxd5 3. Nc3 Qa5 4. d4 Nf6 5. Bd2 Qb6 6. Bc1 Bf5 7. Nf3 c6 8. Ne5 e6 9. Bc4 h6 10. 0-0 Bd6 11. Bb3 0-0 12. Be3 Qc7 13. f4 Nbd7 14. Qf3 Nd5 15. Ne4 N7f6 16. Nxd6 Nxe3 17. Qxe3 Qxd6 18. c3 Nd5 19. Qg3 b5 20. Rae1 Rae8 21. Kh1 Re7 22. Ng4 Bxg4 23. Qxg4 Rfe8 24. Bc2 f5 25. Qh4 1/2-1/2

[Event "SVK-chT2A 9798"]
[Site "Slovakia"]
[Date "1998.??.??"]
[Round "?"]
[White "Sramek, Milan"]
[Black "Rezak, Milan"]
[Result "0-1"]
[WhiteElo "1955"]
[BlackElo "2055"]
[PlyCount "32"]
[EventDate "1997.??.??"]
[EventType "team"]
[EventRounds "11"]
[EventCountry "SVK"]
[SourceTitle "EXT 2001"]
[Source "ChessBase"]
[SourceDate "2000.11.22"]
[SourceVersion "1"]
[SourceVersionDate "2000.11.22"]
[SourceQuality "1"]

1. d4 Nf6 2. c4 g6 3. Nc3 Bg7 4. e4 d6 5. Nf3 0-0 6. Be2 Nbd7 7. 0-0 e5 8. d5 Nc5 9. Qc2 a5 10. b3 Nh5 11. Re1 Nf4 12. Bf1 f5 13. Nd2 Qg5 14. f3 Ncd3 15. Re2 Nxe2+ 16. Nxe2 Qe3+ 0-1

[Event "Bratislava Novy Memorial 7th"]
[Site "Bratislava"]
[Date "1989.07.08"]
[Round "9"]
[White "Sramek, Milan"]
[Black "Balazec, Ludovit"]
[Result "0-1"]
[WhiteElo "1960"]
[BlackElo "1900"]
[PlyCount "78"]
[EventDate "1989.07.01"]
[EventType "swiss"]
[EventRounds "9"]
[EventCountry "CZE"]
[SourceTitle "EXT 2005"]
[Source "ChessBase"]
[SourceDate "2004.11.15"]
[SourceVersion "1"]
[SourceVersionDate "2004.11.15"]
[SourceQuality "1"]

1. d4 d5 2. Nc3 Nf6 3. Bg5 e6 4. e4 dxe4 5. Nxe4 Be7 6. Bxf6 Bxf6 7. c3 0-0 8. Nf3 b6 9. Bd3 Bb7 10. 0-0 Nd7 11. Qc2 h6 12. Nxf6+ Nxf6 13. Ne5 Rc8 14. Rad1 Qe7 15. Rfe1 c5 16. dxc5 Rxc5 17. Bf1 Rfc8 18. Rd4 a5 19. Qd2 Rd5 20. c4 Rxd4 21. Qxd4 Qc5 22. Qxc5 Rxc5 23. f4 g5 24. fxg5 hxg5 25. b3 Kg7 26. g3 g4 27. Bd3 Be4 28. Nd7 Bxd3 29. Nxc5 bxc5 30. Rd1 Be4 31. Rd8 Bb1 32. Ra8 Bxa2 33. Rxa5 Bxb3 34. Rxc5 Kf8 35. Rc8+ Ke7 36. Rc7+ Nd7 37. c5 Kd8 38. Rb7 Bd5 39. Ra7 f5 0-1

[Event "Bratislava Novy Memorial 7th"]
[Site "Bratislava"]
[Date "1989.07.07"]
[Round "8"]
[White "Nemec, Tadeus"]
[Black "Sramek, Milan"]
[Result "1-0"]
[WhiteElo "2070"]
[BlackElo "1960"]
[PlyCount "31"]
[EventDate "1989.07.01"]
[EventType "swiss"]
[EventRounds "9"]
[EventCountry "CZE"]
[SourceTitle "EXT 2005"]
[Source "ChessBase"]
[SourceDate "2004.11.15"]
[SourceVersion "1"]
[SourceVersionDate "2004.11.15"]
[SourceQuality "1"]

1. d4 d5 2. c4 e6 3. Nc3 Nf6 4. Nf3 c6 5. e3 Nbd7 6. Bd3 Bd6 7. 0-0 0-0 8. e4 dxe4 9. Nxe4 Nxe4 10. Bxe4 f5 11. Bc2 h6 12. Re1 Re8 13. b3 Nf8 14. Bb2 Qc7 15. Bxf5 Qf7 16. Bc2 1-0

[Event "Bratislava Novy Memorial 7th"]
[Site "Bratislava"]
[Date "1989.07.06"]
[Round "7"]
[White "Sramek, Milan"]
[Black "Grman, Branislav"]
[Result "1/2-1/2"]
[WhiteElo "1960"]
[BlackElo "2060"]
[PlyCount "132"]
[EventDate "1989.07.01"]
[EventType "swiss"]
[EventRounds "9"]
[EventCountry "CZE"]
[SourceTitle "EXT 2005"]
[Source "ChessBase"]
[SourceDate "2004.11.15"]
[SourceVersion "1"]
[SourceVersionDate "2004.11.15"]
[SourceQuality "1"]

1. d4 Nf6 2. c4 g6 3. g3 Bg7 4. Bg2 0-0 5. Nc3 d6 6. Nf3 Nbd7 7. 0-0 e5 8. e4 Re8 9. Re1 a5 10. h3 exd4 11. Nxd4 Nc5 12. Qc2 Nfxe4 13. Nxe4 Bxd4 14. Bg5 f6 15. Bxf6 Bxf6 16. Nxf6+ Qxf6 17. Rxe8+ Kf7 18. Re3 Bf5 19. Qe2 c6 20. g4 Bd3 21. Rxd3 Nxd3 22. Qxd3 Qxb2 23. Qf3+ Kg8 24. Re1 Qxa2 25. Qd3 Rf8 26. f3 a4 27. Qc3 Kf7 28. Ra1 Qb3 29. Qxb3 axb3 30. Rb1 Ke6 31. Rxb3 Rf7 32. Kf2 d5 33. Bf1 Ke5 34. Ke3 d4+ 35. Kf2 Kd6 36. h4 Kc5 37. Be2 b6 38. Rb2 Re7 39. Rb3 Rf7 40. Bf1 h6 41. Rb2 Rf6 42. Bd3 Re6 43. Re2 Rd6 44. Rb2 Re6 45. Be4 g5 46. hxg5 hxg5 47. Ke2 Rh6 48. Kd3 Rh1 49. Rb3 Rc1 50. Bxc6 Kxc6 51. Kxd4 Rd1+ 52. Ke4 Kc5 53. Rb5+ Kxc4 54. Rxg5 Re1+ 55. Kf5 b5 56. Rg8 b4 57. Rc8+ Kd4 58. f4 b3 59. Rb8 Kc3 60. g5 b2 61. g6 b1Q+ 62. Rxb1 Rxb1 63. Kf6 Rb6+ 64. Kg5 Kd4 65. g7 Rb8 66. Kf6 Rg8 1/2-1/2

[Event "Bratislava Novy Memorial 7th"]
[Site "Bratislava"]
[Date "1989.07.04"]
[Round "5"]
[White "Sramek, Milan"]
[Black "Skrovina, Milan"]
[Result "1-0"]
[WhiteElo "1960"]
[BlackElo "1980"]
[PlyCount "103"]
[EventDate "1989.07.01"]
[EventType "swiss"]
[EventRounds "9"]
[EventCountry "CZE"]
[SourceTitle "EXT 2005"]
[Source "ChessBase"]
[SourceDate "2004.11.15"]
[SourceVersion "1"]
[SourceVersionDate "2004.11.15"]
[SourceQuality "1"]

1. d4 Nf6 2. c4 d6 3. Nf3 Bg4 4. Nc3 Nbd7 5. e4 e5 6. d5 a5 7. Be2 Nc5 8. Qc2 Be7 9. h3 Bh5 10. Be3 Nfd7 11. b3 0-0 12. g4 Bg6 13. h4 h5 14. Nd2 hxg4 15. h5 Bh7 16. Bxg4 Na6 17. a3 Bf6 18. 0-0-0 Nac5 19. f3 a4 20. b4 Nb3+ 21. Nxb3 axb3 22. Qxb3 Bg5 23. Nb1 Nb6 24. Rhe1 f5 25. exf5 Bxf5 26. Nd2 Qf6 27. c5 Na4 28. c6 b5 29. Ne4 Bxe3+ 30. Qxe3 Bxe4 31. fxe4 Qf4 32. Bf5 Qxe3+ 33. Rxe3 Nb6 34. Rdd3 Rf6 35. Rg3 Rh6 36. Bg6 Rf8 37. Rdf3 Rf6 38. Kb1 Kf8 39. Rh3 Nc4 40. Ka2 Ke7 41. Bf5 Rh8 42. Rfg3 Kf8 43. Rh2 Rf7 44. Kb3 Nb6 45. Rhh3 Rf6 46. Rf3 Ke7 47. Bg4 Rxf3+ 48. Rxf3 Rf8 49. Rxf8 Kxf8 50. Be2 Ke8 51. Bxb5 Kd8 52. Ba6 1-0

[Event "Bratislava Novy Memorial 7th"]
[Site "Bratislava"]
[Date "1989.07.01"]
[Round "1"]
[White "Sramek, Milan"]
[Black "Janos, Ivan"]
[Result "0-1"]
[WhiteElo "1960"]
[BlackElo "2120"]
[PlyCount "54"]
[EventDate "1989.07.01"]
[EventType "swiss"]
[EventRounds "9"]
[EventCountry "CZE"]
[SourceTitle "EXT 2005"]
[Source "ChessBase"]
[SourceDate "2004.11.15"]
[SourceVersion "1"]
[SourceVersionDate "2004.11.15"]
[SourceQuality "1"]

1. d4 Nf6 2. c4 c5 3. d5 e6 4. Nc3 exd5 5. cxd5 d6 6. Nf3 g6 7. g3 Bg7 8. Bg2 0-0 9. 0-0 Re8 10. Nd2 Nbd7 11. Qc2 Ne5 12. h3 Nh5 13. Kh2 f5 14. e4 f4 15. Nf3 Nxf3+ 16. Bxf3 fxg3+ 17. fxg3 Nxg3 18. Kxg3 Be5+ 19. Kf2 Qh4+ 20. Ke2 Bxh3 21. Rg1 Bd4 22. Be3 Rf8 23. Bxd4 cxd4 24. Nd1 Rxf3 25. Kxf3 Bg4+ 26. Rxg4 Rf8+ 27. Ke2 Qh2+ 0-1